[Event "ch-Commonwealth 2012"]
[Site "Chennai IND"]
[Date "2012.11.23"]
[Round "1"]
[White "Daniel, Raja.N"]
[Black "Tiviakov, Sergei"]
[Result "0-1"]
[BlackTitle "GM"]
[WhiteElo "1768"]
[BlackElo "2659"]
[WhiteFideId "5072905"]
[BlackFideId "1008013"]
[EventDate "2012.11.23"]

1. c4 e5 2. Nc3 Nf6 3. e4 Nc6 4. d3 Bc5 5. Bg5 h6 6. Be3 d6 7. Nd5 O-O 8. Nf3
Nxd5 9. cxd5 Nd4 10. Bxd4 exd4 11. Be2 Bb4+ 12. Nd2 Qg5 13. Bf3 Re8 14. a3 Bxd2+
15. Qxd2 Qxd5 16. O-O Qg5 17. Qb4 c5 18. Qb5 Qd8 19. b4 a6 20. Qa4 Be6 21. Rfc1
b5 22. Qd1 Rc8 23. Be2 Qb6 24. f4 f6 25. Bh5 Re7 26. bxc5 dxc5 27. a4 c4 28.
axb5 axb5 29. f5 Bd7 30. Kh1 Kh8 31. Be2 c3 32. Qb3 Bxf5 33. Qb4 Re5 34. Ra4 Rb8
35. Ra5 Bd7 36. Rca1 Qc5 37. Qb3 Be6 38. Qc2 Qc8 39. Ra7 b4 40. Qc1 b3 0-1

[Event "ch-Commonwealth 2012"]
[Site "Chennai IND"]
[Date "2012.11.23"]
[Round "1"]
[White "Adly, Ahmed"]
[Black "Jayakumar S"]
[Result "1-0"]
[WhiteTitle "GM"]
[WhiteElo "2607"]
[BlackElo "1765"]
[WhiteFideId "10601619"]
[BlackFideId "5090997"]
[EventDate "2012.11.23"]

1. e4 e5 2. Nf3 Nc6 3. d4 exd4 4. Bc4 Be7 5. O-O d6 6. c3 Nf6 7. cxd4 Bg4 8. Nc3
O-O 9. h3 Bxf3 10. gxf3 Qd7 11. Kh2 Rae8 12. Rg1 d5 13. Nxd5 Bd6+ 14. e5 Nxd5
15. Bh6 Nxd4 16. Bxg7 Nf4 17. Bf6+ Ng6 18. Qxd4 Qf5 19. exd6 cxd6 20. Rxg6+ hxg6
21. Qh4 Qh5 22. Qxh5 gxh5 23. Rg1+ Kh7 24. Bd3+ Kh6 25. Bg7# 1-0

[Event "ch-Commonwealth 2012"]
[Site "Chennai IND"]
[Date "2012.11.23"]
[Round "1"]
[White "Vikash, Kumar Dwivedi"]
[Black "Adhiban, Baskaran"]
[Result "0-1"]
[BlackTitle "GM"]
[WhiteElo "1765"]
[BlackElo "2559"]
[WhiteFideId "25032577"]
[BlackFideId "5018471"]
[EventDate "2012.11.23"]

1. d4 Nf6 2. Nf3 e6 3. c4 b6 4. Nc3 Bb4 5. e3 Ne4 6. Qc2 Bxc3+ 7. bxc3 Bb7 8.
Bd3 f5 9. O-O O-O 10. Nd2 Qh4 11. f4 Nxd2 12. Bxd2 Qg4 13. e4 fxe4 14. Bxe4 Bxe4
15. Qxe4 Nc6 16. Rae1 Qf5 17. d5 Na5 18. dxe6 dxe6 19. Qxe6+ Qxe6 20. Rxe6 Nxc4
21. Bc1 Nd6 22. Re7 Rf7 23. Rfe1 Raf8 24. Ba3 c5 25. Bc1 Nb5 26. Bd2 Rd8 27. a4
Rxe7 28. Rxe7 Kf8 29. Re2 Na3 30. Be1 Nc4 31. Bh4 Rd3 32. Be7+ Kf7 33. Bh4 Re3
34. Kf2 Rxe2+ 35. Kxe2 Nb2 36. a5 bxa5 37. Bf2 c4 38. Bxa7 Nd3 39. Bb8 Ke6 40.
Kd1 Kf5 41. Kc2 Ne1+ 42. Kb2 Nxg2 43. Bc7 Nxf4 44. Bxa5 g5 45. Ka3 Nd5 46. Ka4
Ke4 47. Bd8 g4 48. Kb5 Kd3 49. Kc5 Nxc3 50. Bf6 Ne4+ 0-1

[Event "ch-Commonwealth 2012"]
[Site "Chennai IND"]
[Date "2012.11.23"]
[Round "1"]
[White "Lintchevski, Daniil"]
[Black "Teh, De Juan"]
[Result "1-0"]
[WhiteTitle "GM"]
[BlackTitle "CM"]
[WhiteElo "2555"]
[BlackElo "1762"]
[WhiteFideId "4171055"]
[BlackFideId "5707722"]
[EventDate "2012.11.23"]

1. e4 e5 2. Nf3 Nc6 3. d4 exd4 4. Nxd4 Bc5 5. Nxc6 Qf6 6. Qf3 bxc6 7. Nd2 d6 8.
Bd3 Qxf3 9. gxf3 Ne7 10. Nb3 Bb6 11. Rg1 O-O 12. c4 Be6 13. Be3 Bxe3 14. fxe3 f5
15. Nd4 Bd7 16. f4 Rab8 17. O-O-O fxe4 18. Bxe4 c5 19. Nc2 Nf5 20. Rd3 Rfe8 21.
Bd5+ Kf8 22. Ra3 c6 23. Bh1 Rb7 24. Rd1 Re6 25. e4 Ne7 26. Rad3 Nc8 27. e5 Rh6
28. exd6 Rh3 29. Be4 Rh4 30. Ne3 g6 31. Ng2 Rxh2 32. Rg3 Kf7 33. Ra3 Ke6 34. Ra5
Kf6 35. Rxc5 Kf7 36. b3 Rh3 1-0

[Event "ch-Commonwealth 2012"]
[Site "Chennai IND"]
[Date "2012.11.23"]
[Round "1"]
[White "Aparna, Raja"]
[Black "Oleksienko, Mikhailo"]
[Result "0-1"]
[BlackTitle "GM"]
[WhiteElo "1762"]
[BlackElo "2551"]
[WhiteFideId "5045525"]
[BlackFideId "4152417"]
[EventDate "2012.11.23"]

1. e4 c5 2. Nc3 e6 3. f4 d5 4. Nf3 dxe4 5. Nxe4 Nc6 6. Bb5 Bd7 7. d3 a6 8. Bxc6
Bxc6 9. a4 c4 10. Nf2 cxd3 11. Nxd3 Nf6 12. Qe2 Be7 13. Nfe5 Be4 14. Be3 b6 15.
Rd1 Qc7 16. c3 O-O 17. O-O Bd5 18. Nc1 Rfd8 19. Bd4 Qb7 20. Ng4 Nxg4 21. Qxg4
Bf8 22. f5 exf5 23. Qxf5 Bxg2 24. Rf4 Rd6 25. Rd3 Rg6 26. Rg3 Bd6 27. Rfg4 Bxg3
28. hxg3 Bh3 0-1

[Event "ch-Commonwealth 2012"]
[Site "Chennai IND"]
[Date "2012.11.23"]
[Round "1"]
[White "Paragua, Mark"]
[Black "Rohit Vassan S"]
[Result "1/2-1/2"]
[WhiteTitle "GM"]
[WhiteElo "2532"]
[BlackElo "1762"]
[WhiteFideId "5201241"]
[BlackFideId "35001990"]
[EventDate "2012.11.23"]

1. e4 c5 2. Nc3 e6 3. g3 Nc6 4. Bg2 Nf6 5. f4 d5 6. e5 Ng8 7. Nf3 a6 8. Ne2 Nge7
9. c3 c4 10. d4 cxd3 11. Qxd3 Nf5 12. b4 Bd7 13. O-O h5 14. h3 Rh6 15. g4 Qb6+
16. Rf2 hxg4 17. hxg4 Nh4 18. Nxh4 Rxh4 19. Qg3 Rh7 20. f5 O-O-O 21. a4 Kb8 22.
Be3 Qc7 23. a5 Re8 24. Bf4 g5 25. Bxg5 Nxe5 26. fxe6 fxe6 27. Bf4 Bd6 28. Nd4
Nc4 29. Bxd6 Qxd6 30. Qxd6+ Nxd6 31. Raf1 Rg7 32. Rf8 Rxg4 33. Rxe8+ Nxe8 34.
Rf8 Rg6 35. Nf3 Rf6 36. Rh8 Kc7 37. Rh7 Kd6 38. c4 dxc4 39. Nd2 Rf4 40. Ne4+
Rxe4 41. Bxe4 Nf6 42. Rh4 Nxe4 43. Rxe4 Kd5 44. Re1 Ba4 45. Kf2 c3 46. Ke3 Kc4
47. Rh1 Kb3 48. Kd4 c2 49. Kd3 Kxb4 50. Kd2 Kxa5 51. Re1 b5 52. Rxe6 Bb3 53. Rh6
b4 54. Rh5+ Ka4 55. Kc1 Bf7 56. Rh6 Bc4 57. Kxc2 Ka3 58. Rb6 a5 59. Rb8 Ka2 60.
Ra8 Bb3+ 61. Kc1 a4 62. Rb8 Ka3 63. Rxb4 Kxb4 64. Kb2 a3+ 65. Ka1 Bc2 66. Ka2
Ka4 67. Ka1 Kb3 1/2-1/2

[Event "ch-Commonwealth 2012"]
[Site "Chennai IND"]
[Date "2012.11.23"]
[Round "1"]
[White "Lalith, Babu M.R."]
[Black "Dave, Shiv Shankar"]
[Result "1-0"]
[WhiteTitle "GM"]
[WhiteElo "2528"]
[BlackElo "1753"]
[WhiteFideId "5024595"]
[BlackFideId "5000734"]
[EventDate "2012.11.23"]

1. Nf3 Nf6 2. c4 c5 3. Nc3 Nc6 4. g3 e6 5. Bg2 Be7 6. O-O O-O 7. d4 cxd4 8. Nxd4
a6 9. Bf4 Nxd4 10. Qxd4 d6 11. Qd3 Qc7 12. Rac1 e5 13. Be3 Be6 14. b3 Rac8 15.
Rfd1 h6 16. Na4 Nd7 17. Bd5 Bxd5 18. Qxd5 Qc6 19. Nc3 Nf6 20. Qd3 Qd7 21. f3 Qh3
22. b4 Rfd8 23. Bb6 Rd7 24. e4 Rc6 25. Bf2 Rdc7 26. Nd5 Nxd5 27. exd5 1-0

[Event "ch-Commonwealth 2012"]
[Site "Chennai IND"]
[Date "2012.11.23"]
[Round "1"]
[White "Rajaryan Kuvelkar"]
[Black "Sethuraman, S.P."]
[Result "0-1"]
[BlackTitle "GM"]
[WhiteElo "1745"]
[BlackElo "2520"]
[WhiteFideId "5096235"]
[BlackFideId "5021596"]
[EventDate "2012.11.23"]

1. d4 Nf6 2. Nf3 d5 3. e3 c5 4. c3 Nc6 5. Bd3 e6 6. Nbd2 Bd6 7. O-O O-O 8. dxc5
Bxc5 9. e4 Qc7 10. Qe2 h6 11. Bc2 b6 12. Nb3 dxe4 13. Nfd2 Bd6 14. h3 e3 15.
Qxe3 Ba6 16. Re1 Nb4 17. Bb1 Nbd5 18. Qf3 Bh2+ 19. Kh1 Bf4 20. Ne4 Bxc1 21. Nxc1
Bb7 22. Ne2 Nd7 23. Nd4 Rad8 24. Qg3 Qxg3 25. fxg3 N7f6 26. Bc2 a6 27. Rad1 Rd7
28. Nf3 Nxe4 29. Bxe4 Rc7 30. g4 g5 31. Kg1 b5 32. Kf2 Kg7 33. Nd4 Rd8 34. Nc2
Nxc3 35. bxc3 Rxd1 36. Rxd1 Bxe4 37. Nd4 Rxc3 38. Ra1 Bd5 39. a3 Rd3 40. Ne2 a5
41. g3 Rf3+ 42. Ke1 Bc4 43. Ng1 Rf1+ 44. Kd2 Rxa1 45. Nf3 Rxa3 46. Ne5 Rxg3 47.
Nxc4 bxc4 48. Kc2 a4 49. Kb2 Rb3+ 50. Ka2 c3 51. Ka1 c2 52. Ka2 c1=Q 53. h4 Qb2# 0-1

[Event "ch-Commonwealth 2012"]
[Site "Chennai IND"]
[Date "2012.11.23"]
[Round "1"]
[White "Ananya, S"]
[Black "Arun Prasad, S."]
[Result "0-1"]
[BlackTitle "GM"]
[WhiteElo "1742"]
[BlackElo "2513"]
[WhiteFideId "25004450"]
[BlackFideId "5011167"]
[EventDate "2012.11.23"]

1. e4 c5 2. Nf3 d6 3. d4 cxd4 4. Nxd4 Nf6 5. Nc3 a6 6. Be3 e6 7. Be2 Qc7 8. O-O
b5 9. a3 Bb7 10. Bd3 Nbd7 11. f4 Nc5 12. Qf3 Be7 13. Kh1 O-O 14. Rae1 Rfd8 15.
Qh3 Rac8 16. Re2 Re8 17. e5 dxe5 18. fxe5 Qxe5 19. Rxf6 Bxf6 20. Qxh7+ Kf8 21.
Nf5 exf5 22. Bf4 Nxd3 23. Bxe5 Nxe5 24. Qxf5 Rcd8 25. h3 Ng6 26. Qc5+ Kg8 27.
Qc7 Rxe2 28. Nxe2 Rd1+ 29. Ng1 Be4 30. Qc8+ Kh7 31. c3 Nh4 32. Qc7 Bxg2+ 33. Kh2
Re1 0-1

[Event "ch-Commonwealth 2012"]
[Site "Chennai IND"]
[Date "2012.11.23"]
[Round "1"]
[White "Grover, Sahaj"]
[Black "Harikrishnan.A.Ra"]
[Result "1-0"]
[WhiteTitle "GM"]
[WhiteElo "2509"]
[BlackElo "1741"]
[WhiteFideId "5021103"]
[BlackFideId "5081483"]
[EventDate "2012.11.23"]

1. e4 e6 2. d4 d5 3. e5 c5 4. c3 Nc6 5. Nf3 Qb6 6. Be2 Bd7 7. O-O Rc8 8. dxc5
Bxc5 9. Nbd2 Qc7 10. Nb3 b6 11. Bf4 Nge7 12. Re1 Ng6 13. Bg3 a5 14. a4 Qd8 15.
h4 Be7 16. h5 Nh4 17. Nfd4 Bc5 18. Ba6 Rb8 19. Qg4 g5 20. Bxh4 gxh4 21. Qg7 Rf8
22. Bd3 h3 23. g3 h6 24. Qxh6 Rg8 25. Nxc6 Bxc6 26. Nd4 Bxd4 27. cxd4 Qh4 28.
Bg6 Qg4 29. Qh7 Rf8 30. Re3 Qxd4 31. Bxf7+ Rxf7 32. Qg8+ Ke7 33. Qxb8 h2+ 34.
Kh1 Rxf2 35. Qd6+ Kf7 36. Qc7+ Kf8 37. Rae1 Qc5 38. Qc8+ Kg7 39. Rc3 d4+ 40.
Qxc6 dxc3 41. Qd7+ Kh6 42. Qxe6+ Kxh5 43. Qh3+ Kg6 44. Qg4+ Kh6 45. bxc3 Qd5+
46. Qe4 Rf1+ 47. Kxh2 Qd2+ 48. Re2 Rf2+ 49. Rxf2 Qxf2+ 50. Kh3 Qf1+ 51. Kg4 Qd1+
52. Kf5 Qh5+ 53. Kf4 Qf7+ 54. Ke3 Qb3 55. Qh4+ Kg7 56. Qf6+ Kg8 57. e6 Qd1 58.
Qf7+ Kh8 59. Qe8+ Kg7 60. Qd7+ 1-0

[Event "ch-Commonwealth 2012"]
[Site "Chennai IND"]
[Date "2012.11.23"]
[Round "1"]
[White "GHemachandra, Mouli"]
[Black "Deepan, Chakkravarthy J."]
[Result "0-1"]
[BlackTitle "GM"]
[WhiteElo "1739"]
[BlackElo "2500"]
[WhiteFideId "5021626"]
[BlackFideId "5011132"]
[EventDate "2012.11.23"]

1. e4 c5 2. Nf3 d6 3. c3 Nf6 4. d3 g6 5. g3 Bg7 6. Bg2 O-O 7. O-O Nc6 8. Be3 Rb8
9. Re1 b5 10. Nbd2 Ng4 11. Nf1 Nxe3 12. Nxe3 a5 13. a3 a4 14. Qc2 Bd7 15. Rab1
Qa5 16. Qd2 Rfc8 17. Rec1 Qd8 18. d4 Na5 19. Rd1 Nb3 20. Qe1 Qe8 21. Nc2 Bg4 22.
dxc5 dxc5 23. h3 Bd7 24. Qe2 Be6 25. Nd2 Rd8 26. f4 Nxd2 27. Rxd2 Rxd2 28. Qxd2
Rd8 29. Qe2 Qd7 30. Ne3 Bb3 31. Kf2 b4 32. axb4 cxb4 33. cxb4 Bd4 34. e5 Rc8 35.
Kf1 Bb6 36. Re1 Qd4 37. Qf3 Rc2 38. f5 Bc4+ 39. Kg1 Rc1 40. Rxc1 Qxe3+ 41. Kh2
Qxc1 42. Qa8+ Kg7 43. f6+ exf6 44. exf6+ Kxf6 45. Qc6+ Kg7 46. Qxb6 Qxb2 0-1

[Event "ch-Commonwealth 2012"]
[Site "Chennai IND"]
[Date "2012.11.23"]
[Round "1"]
[White "Ashwin, Jayaram"]
[Black "Aryan"]
[Result "1-0"]
[WhiteTitle "IM"]
[WhiteElo "2488"]
[BlackElo "1738"]
[WhiteFideId "5018137"]
[BlackFideId "25007700"]
[EventDate "2012.11.23"]

1. d4 d5 2. c4 e6 3. Nf3 Nf6 4. g3 dxc4 5. Bg2 Bb4+ 6. Bd2 a5 7. a4 Nc6 8. Bc3
Rb8 9. Nbd2 Nd5 10. Bxb4 Ndxb4 11. Nxc4 Nxd4 12. Qxd4 Qxd4 13. Nxd4 Nc2+ 14. Kd2
Nxd4 15. Kc3 Nf5 16. Nxa5 Nd6 17. b4 e5 18. Rhd1 Bf5 19. Rac1 Be4 20. Bxe4 Nxe4+
21. Kb2 c6 22. f3 Ng5 23. Nc4 f6 24. Nd6+ Ke7 25. Nf5+ Kf7 26. h4 Ne6 27. Rd7+
Kg6 28. e4 h5 29. Rcd1 Rhd8 30. R1d6 Rxd7 31. Rxd7 1-0

[Event "ch-Commonwealth 2012"]
[Site "Chennai IND"]
[Date "2012.11.23"]
[Round "1"]
[White "Adarsh, Shrivastava"]
[Black "Shyam, Sundar M."]
[Result "1/2-1/2"]
[BlackTitle "IM"]
[WhiteElo "1737"]
[BlackElo "2484"]
[WhiteFideId "5072700"]
[BlackFideId "5019141"]
[EventDate "2012.11.23"]

1. e4 e5 2. Nf3 Nc6 3. Bb5 a6 4. Bxc6 dxc6 5. O-O Qe7 6. d4 exd4 7. Qxd4 Bg4 8.
Qe5 Qxe5 9. Nxe5 Be6 10. Be3 Ne7 11. Nd2 O-O-O 12. Rad1 f6 13. Nd3 Ng6 14. b3 b6
15. f4 f5 16. Ne5 Nxe5 17. fxe5 fxe4 18. Nxe4 Rxd1 19. Rxd1 Bf5 20. Ng5 Ba3 21.
Rf1 Rf8 22. Rf2 Be7 23. h3 Kd7 24. g4 Bg6 25. Rd2+ Kc8 26. Kg2 h6 27. Ne6 Be4+
28. Kh2 Rf1 29. g5 h5 30. h4 g6 31. c3 Re1 32. Bf2 Rh1+ 33. Kg3 Rc1 34. c4 Bf5
35. Nd4 Bd7 36. Nc2 a5 37. Be3 Rh1 38. Rh2 Rb1 39. Rd2 a4 40. bxa4 c5 41. Na3
Re1 42. Nc2 Rh1 43. Rh2 Rxh2 44. Kxh2 Bxa4 45. Na3 Kd7 46. Kg3 Ke6 47. Kf4 c6
48. Nb1 Bc2 49. Nc3 Bd3 50. Na4 Bxc4 51. Nxb6 Bb5 52. a4 Ba6 53. a5 c4 54. Bd2
Bb5 55. Bc3 Bc5 56. Nc8 Ba6 57. Nd6 Bg1 58. Ne4 c5 59. Kg3 Bb7 60. Kf4 Bh2+ 61.
Ke3 Bg1+ 62. Kf4 Bh2+ 63. Ke3 1/2-1/2

[Event "ch-Commonwealth 2012"]
[Site "Chennai IND"]
[Date "2012.11.23"]
[Round "1"]
[White "Neelotpal, Das"]
[Black "Muhammed Mueenudheen N"]
[Result "1-0"]
[WhiteTitle "GM"]
[WhiteElo "2467"]
[BlackElo "1730"]
[WhiteFideId "5003512"]
[BlackFideId "25008757"]
[EventDate "2012.11.23"]

1. d4 d5 2. Nf3 Nf6 3. c4 e6 4. Nc3 Be7 5. Bg5 Nbd7 6. e3 c6 7. Qc2 a6 8. c5 b6
9. cxb6 c5 10. Bd3 cxd4 11. exd4 Qxb6 12. O-O Bb7 13. Na4 Qa7 14. a3 a5 15. b4
axb4 16. axb4 Bxb4 17. Qb2 Ba5 18. Bxf6 gxf6 19. Bb5 Bc8 20. Nc5 O-O 21. Bxd7
Bxd7 22. Rxa5 Qxa5 23. Nxd7 Rfc8 24. Nxf6+ Kg7 25. Nh5+ Kh8 26. Ne5 Qc7 27. Qd2
Qe7 28. Qf4 f5 29. Qh6 Rg8 30. Nf6 Rg7 31. Nxh7 Rxg2+ 32. Kxg2 Qxh7 33. Nf7+ Kg8
34. Qxh7+ Kxh7 35. Ng5+ Kg6 36. Nxe6 Kf6 37. Nf4 1-0

[Event "ch-Commonwealth 2012"]
[Site "Chennai IND"]
[Date "2012.11.23"]
[Round "1"]
[White "Rudraksh Parida"]
[Black "Laxman, R.R."]
[Result "0-1"]
[BlackTitle "GM"]
[WhiteElo "1728"]
[BlackElo "2461"]
[WhiteFideId "25007998"]
[BlackFideId "5005361"]
[EventDate "2012.11.23"]

1. e4 e5 2. Nf3 Nc6 3. Bb5 a6 4. Ba4 Nf6 5. O-O Be7 6. Re1 b5 7. Bb3 O-O 8. h3
d6 9. c3 Na5 10. Bc2 c5 11. d4 Qc7 12. Nbd2 cxd4 13. cxd4 Rd8 14. d5 Bd7 15. Nf1
Rdc8 16. Bb1 Nb7 17. Ng3 a5 18. Nh2 Nc5 19. Qf3 b4 20. Be3 g6 21. Bg5 Nxd5 22.
Bxe7 Nxe7 23. Qf6 Re8 24. h4 Ra6 25. Rc1 Rb6 26. Nf3 Bg4 27. Nh2 Bc8 28. Nf3 Nc6
29. Rd1 Qe7 30. Qxe7 Nxe7 31. Nd2 Be6 32. Rc1 Na4 33. b3 Nc3 34. Bd3 Nc6 35. Ne2
Nxe2+ 36. Bxe2 Nd4 37. Kf1 Kf8 38. Rc7 Rc6 39. Rxc6 Nxc6 40. Bc4 Ke7 41. Ke2 Kd7
42. Kd3 0-1

[Event "ch-Commonwealth 2012"]
[Site "Chennai IND"]
[Date "2012.11.23"]
[Round "1"]
[White "Akshayraj, Kore"]
[Black "Selvabharathy, T"]
[Result "1-0"]
[WhiteTitle "IM"]
[WhiteElo "2459"]
[BlackElo "1728"]
[WhiteFideId "5012414"]
[BlackFideId "25002163"]
[EventDate "2012.11.23"]

1. d4 Nf6 2. c4 e5 3. dxe5 Ne4 4. Nd2 Bb4 5. Nf3 Nc6 6. g3 Qe7 7. Qc2 Nxd2 8.
Bxd2 Nxe5 9. Nxe5 Bxd2+ 10. Qxd2 Qxe5 11. Bg2 d6 12. Rc1 O-O 13. O-O Bd7 14. c5
Rad8 15. cxd6 c6 16. Rfd1 f5 17. f4 Qe6 18. b4 a6 19. Rc5 Bc8 20. Re5 Qf6 21.
Re7 Rf7 22. Rxf7 Kxf7 23. a4 Be6 24. Qd3 Rd7 25. Kf2 Qb2 26. Rb1 Qa2 27. b5 axb5
28. axb5 Rxd6 29. Qxd6 Qxb1 30. Qc7+ Kf6 31. Qe5+ Kf7 32. Qc7+ Kf6 33. Qd8+ Kf7
34. bxc6 bxc6 35. Bxc6 g6 36. Be8+ Kg7 37. Qe7+ Kh6 38. Qg5+ Kg7 39. Qe7+ Kh6
40. Qxe6 Qb2 41. Bc6 Qd4+ 42. Kg2 Kh5 43. Qe7 Kh6 44. Qf8+ Kh5 45. Bf3# 1-0

[Event "ch-Commonwealth 2012"]
[Site "Chennai IND"]
[Date "2012.11.23"]
[Round "1"]
[White "Barath Kalyan M"]
[Black "Fominyh, Alexander"]
[Result "0-1"]
[BlackTitle "GM"]
[WhiteElo "1725"]
[BlackElo "2456"]
[WhiteFideId "25016555"]
[BlackFideId "4100590"]
[EventDate "2012.11.23"]

1. c4 e5 2. Nc3 Nf6 3. g3 c6 4. Bg2 d5 5. d4 exd4 6. Qxd4 Be6 7. cxd5 cxd5 8.
Bg5 Nc6 9. Qa4 Bb4 10. e3 Bxc3+ 11. bxc3 h6 12. Bxf6 Qxf6 13. Ne2 O-O 14. O-O a6
15. Nd4 b5 16. Qa3 Ne5 17. Qc1 Rac8 18. f4 Nc4 19. f5 Bd7 20. Bxd5 Qe5 21. Bxc4
Rxc4 22. Qd2 Bc8 23. Rae1 Re8 24. e4 b4 25. Nf3 Qc5+ 26. Qe3 Qxe3+ 27. Rxe3 bxc3
28. Rc1 Bxf5 29. Rcxc3 Rxc3 30. Rxc3 Rxe4 31. Ra3 Bc8 32. Kf2 Kf8 33. Nd2 Rb4
34. Ke3 Ke7 35. Rc3 Bd7 36. Rb3 Ra4 37. a3 Be6 38. Rc3 Bd5 39. Nf3 Kd6 40. Nd4
g6 41. Nf3 Re4+ 42. Kd3 Re8 43. Nd2 Rb8 44. Ne4+ Ke5 45. Nc5 Rd8 46. Ke3 a5 47.
Nd3+ Kd6 48. Rc5 Re8+ 49. Kd2 Ra8 50. Kc3 Be4 51. Rc4 Bc6 52. Rc5 a4 53. Kd4 Rb8
54. Ne5 Be8 55. Nc4+ Ke6 56. Re5+ Kf6 57. Re3 Bd7 58. Rf3+ Ke7 59. Re3+ Be6 60.
Na5 Rb5 61. Nc6+ Kd6 62. Nb4 Rc5 63. Rd3 Rc4+ 64. Ke3+ Ke5 65. Kf3 g5 66. Re3+
Kd4 67. Rd3+ Kc5 68. Ke3 Rc1 69. Kf2 Kc4 70. Ke3 Rh1 71. Rd2 Re1+ 72. Kf2 Ra1
73. Nc2 Kc3 74. Ke2 Ra2 75. Rd3+ Kxc2 76. Rd2+ Kc3 77. Rxa2 Bxa2 78. Ke3 f5 79.
h3 Bd5 80. h4 Kc4 81. hxg5 hxg5 82. Kd2 Kd4 83. Ke2 Ke4 84. Kf2 Bc4 85. Kg2 g4
86. Kf2 Bd3 87. Kg2 Ke3 88. Kg1 Kf3 89. Kh2 Kf2 90. Kh1 Kxg3 91. Kg1 f4 92. Kh1
f3 93. Kg1 f2+ 94. Kh1 Be4# 0-1

[Event "ch-Commonwealth 2012"]
[Site "Chennai IND"]
[Date "2012.11.23"]
[Round "1"]
[White "Dimakiling, Oliver"]
[Black "Maanas O T"]
[Result "1-0"]
[WhiteTitle "IM"]
[WhiteElo "2453"]
[BlackElo "1722"]
[WhiteFideId "5202248"]
[BlackFideId "5095034"]
[EventDate "2012.11.23"]

1. c4 g6 2. Nc3 Bg7 3. g3 d6 4. d4 Nf6 5. Bg2 O-O 6. e4 c6 7. Nge2 Nbd7 8. O-O
Qc7 9. h3 e5 10. Be3 b6 11. f4 Bb7 12. g4 a6 13. dxe5 dxe5 14. f5 Rfd8 15. Qe1
b5 16. c5 h6 17. fxg6 fxg6 18. b4 Nh7 19. Qc1 a5 20. a3 axb4 21. axb4 Rxa1 22.
Qxa1 Ndf6 23. Qc1 g5 24. Ng3 Bc8 25. Rf2 Be6 26. Bf1 Rd7 27. Qa1 Nf8 28. Nf5 Kh7
29. Qa6 Qb7 30. Qxb7 Rxb7 31. Nd6 Rb8 32. Rd2 N8d7 33. Ncxb5 cxb5 34. c6 Bf8 35.
c7 Bxd6 36. Rxd6 Rc8 37. Rxe6 Rxc7 38. Bxb5 Kg7 39. Bxd7 Nxd7 40. b5 Kf7 41.
Rxh6 Rc3 42. Bxg5 Rb3 43. Kg2 Rxb5 44. Kf3 Rb3+ 45. Be3 1-0

[Event "ch-Commonwealth 2012"]
[Site "Chennai IND"]
[Date "2012.11.23"]
[Round "1"]
[White "Senthil Maran K"]
[Black "Nolte, Rolando"]
[Result "0-1"]
[BlackTitle "IM"]
[WhiteElo "1722"]
[BlackElo "2445"]
[WhiteFideId "25035681"]
[BlackFideId "5200636"]
[EventDate "2012.11.23"]

1. d4 d6 2. g3 g6 3. c4 Bg7 4. Bg2 Nd7 5. Nf3 e5 6. Nc3 Ne7 7. e4 O-O 8. Be3 Nf6
9. h4 h6 10. dxe5 Ng4 11. Bd4 c5 12. exd6 cxd4 13. dxe7 Qxe7 14. Nxd4 Rd8 15.
Nd5 Qc5 16. b4 Qxc4 17. Nb3 Rxd5 18. exd5 Bf5 19. Bf1 Re8+ 20. Be2 Bd3 21. Nc1
Bc3+ 22. Kf1 Bxe2+ 23. Nxe2 Bxa1 24. d6 Qe4 25. Rh3 Qf3 26. Rh2 0-1

[Event "ch-Commonwealth 2012"]
[Site "Chennai IND"]
[Date "2012.11.23"]
[Round "1"]
[White "Thejkumar, M. S."]
[Black "Barath, M"]
[Result "1-0"]
[WhiteTitle "IM"]
[WhiteElo "2442"]
[BlackElo "1719"]
[WhiteFideId "5009154"]
[BlackFideId "25033450"]
[EventDate "2012.11.23"]

1. d4 d5 2. c4 e6 3. Nc3 Nf6 4. Nf3 c6 5. g3 Be7 6. Bg2 Nbd7 7. O-O O-O 8. Qc2
b6 9. Rd1 Bb7 10. e4 Rc8 11. e5 Ne8 12. cxd5 cxd5 13. Bf1 Nc7 14. Bd3 h6 15. Qe2
Nb8 16. Bb1 h5 17. h4 g6 18. Bh6 Re8 19. Qe3 Nd7 20. Ng5 Bf8 21. Nxf7 Kxf7 22.
Qd3 Bxh6 23. Qxg6+ Ke7 24. Qh7+ Kf8 25. Qxh6+ Kg8 26. Bh7+ 1-0

[Event "ch-Commonwealth 2012"]
[Site "Chennai IND"]
[Date "2012.11.23"]
[Round "1"]
[White "Nikhil, R. Umesh"]
[Black "Narayanan, Srinath"]
[Result "0-1"]
[BlackTitle "IM"]
[WhiteElo "1719"]
[BlackElo "2438"]
[WhiteFideId "5028892"]
[BlackFideId "5018420"]
[EventDate "2012.11.23"]

1. d4 Nf6 2. c4 e6 3. Nc3 c5 4. d5 exd5 5. cxd5 d6 6. e4 g6 7. f4 Bg7 8. Bd3 O-O
9. Nf3 Re8 10. O-O c4 11. Bc2 b5 12. Nxb5 Qb6+ 13. Nbd4 Bg4 14. Kh1 Nxe4 15.
Bxe4 Rxe4 16. Ne2 Na6 17. Nc3 Re7 18. h3 Bf5 19. Re1 Rae8 20. Rxe7 Rxe7 21. Qg1
Nb4 22. a3 Nc2 23. Qxb6 axb6 24. Rb1 Ne1 25. Ra1 Nxf3 26. gxf3 Re1+ 27. Kg2 Bd4
28. Nb5 Bc5 29. Nc3 h5 30. Ne4 Rg1+ 31. Kh2 Bxe4 32. fxe4 Kf8 33. e5 Ke8 34. a4
Bd4 35. Be3 Rxa1 36. Bxd4 Rd1 37. Bxb6 Rd2+ 38. Kg3 Rxb2 39. Bd4 Rb3+ 40. Kf2 c3
41. Ke2 c2 42. Kd2 Rd3+ 0-1

[Event "ch-Commonwealth 2012"]
[Site "Chennai IND"]
[Date "2012.11.23"]
[Round "1"]
[White "Sundararajan, Kidambi"]
[Black "Rahul Srivatshav P"]
[Result "1-0"]
[WhiteTitle "GM"]
[WhiteElo "2434"]
[BlackElo "1719"]
[WhiteFideId "5005370"]
[BlackFideId "25059653"]
[EventDate "2012.11.23"]

1. Nf3 Nf6 2. d4 g6 3. Bg5 Bg7 4. Nbd2 d6 5. e4 O-O 6. c3 Nc6 7. Bb5 h6 8. Bh4
Nh5 9. O-O g5 10. Bg3 Nxg3 11. hxg3 Bg4 12. Re1 e6 13. Qb3 Ne7 14. Bd3 Rb8 15.
Nh2 Bh5 16. g4 Bg6 17. Ndf1 c5 18. dxc5 dxc5 19. Rad1 Qc7 20. Nf3 Rfd8 21. Bb1
Nc6 22. Ne3 Ne5 23. Nxe5 Bxe5 24. Nc4 Bg7 25. a4 b6 26. g3 a6 27. Rxd8+ Qxd8 28.
Ne3 Qc7 29. Ng2 Be5 30. Qd1 b5 31. axb5 axb5 32. Qc1 c4 33. f4 Bd6 34. Kh2 Bc5
35. Qd2 Rd8 36. Qe2 f6 37. e5 Bxb1 38. Rxb1 fxe5 39. Re1 Rd5 40. Qe4 Qf7 41. Rf1
exf4 42. gxf4 gxf4 43. Nxf4 Rd2+ 44. Kh3 Rd3+ 45. Kg2 Re3 46. Qa8+ Kh7 47. g5
Qg8 48. g6+ Kh8 49. Qc6 Re5 50. Ra1 Rg5+ 51. Kh3 Rf5 52. Ra8 Rf8 53. Rxf8 Qxf8
54. g7+ Qxg7 55. Qxc5 Qf7 56. Qe5+ Kh7 57. Kg3 Qg8+ 58. Kf3 Qa8+ 59. Qe4+ Qxe4+
60. Kxe4 Kg7 61. Nxe6+ Kf6 62. Nc7 Kg5 63. Nxb5 Kg4 64. Nd6 h5 65. Nxc4 h4 66.
Ne3+ Kg3 67. Nf5+ 1-0